Ví giao duyên - Nam nữ đối ca

Khái niệm và hình thức biểu hiện của hát đối đáp trữ tình nam nữ. Trình tự lề lối cuộc hát, nội dung trữ tình và tính hiện thực của ví giao duyên. Phân tích mối quan hệ giữa ví giao duyên với sáng tác thơ ca dân gian và bác học, đặc biệt là về thể thơ. Một số giai thoại ví giao duyên...

Disgrifiad llawn

Wedi'i Gadw mewn:
Manylion Llyfryddiaeth
Prif Awdur: Nguyễn Khắc Xương
Fformat: Llyfr
Iaith:Vietnamese
Cyhoeddwyd: H. Thời đại 2012
Pynciau:
Tagiau: Ychwanegu Tag
Dim Tagiau, Byddwch y cyntaf i dagio'r cofnod hwn!
Thư viện lưu trữ: Mạng thư viện Đại học Đà Nẵng
LEADER 01797aam a22003858a 4500
001 000018100
003 14527
005 20130906140917.0
008 130906s2012 viesd
020 |d 2000b 
041 0 |a vie 
082 1 4 |2 14  |a 398.809597  |b NG-X 
100 1 |a Nguyễn Khắc Xương 
245 1 0 |a Ví giao duyên - Nam nữ đối ca  |c Nguyễn Khắc Xương 
260 |a H.  |b Thời đại  |c 2012 
300 |a 538 tr.  |c 21 cm. 
500 |a ĐTTS ghi: Hội Văn nghệ dân gian Việt Nam 
520 |a Khái niệm và hình thức biểu hiện của hát đối đáp trữ tình nam nữ. Trình tự lề lối cuộc hát, nội dung trữ tình và tính hiện thực của ví giao duyên. Phân tích mối quan hệ giữa ví giao duyên với sáng tác thơ ca dân gian và bác học, đặc biệt là về thể thơ. Một số giai thoại ví giao duyên 
650 0 4 |2 Bộ TK TVQG  |a Văn nghệ dân gian  |z Việt Nam 
650 7 |2 Bộ TK TVQG 
650 7 |2 Bộ TK TVQG 
651 7 |2 Bộ TK TVQG  |a Việt Nam 
653 |a Ví giao duyên 
OWN |a LSP 
AVA |a UDN50  |b LNN  |d 398.809597 NG-X  |e available  |t Error 5001 Not defined in file expand_doc_bib_avail.  |f 1  |g 0  |h N  |i 0 
AVA |a UDN50  |b LSP  |d 398.809597 NG-X  |e available  |t Error 5001 Not defined in file expand_doc_bib_avail.  |f 1  |g 0  |h N  |i 0  |k 1 
999 |a From the UDN01 
AVA |a UDN50  |b LNN  |d 398.809597 NG-X  |e available  |t Error 5001 Not defined in file expand_doc_bib_avail.  |f 1  |g 0  |h N  |i 0 
AVA |a UDN50  |b LSP  |d 398.809597 NG-X  |e available  |t Error 5001 Not defined in file expand_doc_bib_avail.  |f 1  |g 0  |h N  |i 0  |k 1 
TYP |a Monograph 
TYP |a Printed language 
980 |a Mạng thư viện Đại học Đà Nẵng